Les 10 pays ayant le plus grand PIB (FMI, 2021) - Statistiques

Statistiques générales
  • Ce quiz a été pris 464 fois
  • Le résultat moyen est 8 sur 10
Statistiques - réponses
Rang Hint Réponse % Correct
n°1 22 600 000 000 Etats-Unis
100%
n°2 16 600 000 000 Chine
96%
n°3 5 300 000 000 Japon
89%
n°4 4 300 000 000 Allemagne
83%
n°7 2 900 000 000 France
79%
n°5 3 100 000 000 Royaume-Uni
79%
n°6 3 000 000 000 Inde
73%
n°8 2 100 000 000 Italie
66%
n°9 1 900 000 000 Canada
60%
n°10 1 800 000 000 Corée du Sud
48%
Aucun quiz correspondant
Distribution des résultats
% des personnes avec chaque résultat
Percentile par nombre de réponses
Votre historique - résultats
Vous n’avez pas pris ce quiz